Sex education (Record no. 1435322)

MARC details
000 -LEADER
fixed length control field 00558nam a22002057a 4500
005 - DATE AND TIME OF LATEST TRANSACTION
control field 20250911121529.0
008 - FIXED-LENGTH DATA ELEMENTS--GENERAL INFORMATION
fixed length control field 250911b |||||||| |||| 00| 0 eng d
037 ## - SOURCE OF ACQUISITION
Terms of availability TB
040 ## - CATALOGING SOURCE
Original cataloging agency CL
Transcribing agency CL
041 ## - LANGUAGE CODE
Source of code Eng
Language code of text/sound track or separate title English
084 ## - COLON CLASSIFICATION NUMBER
Assigning agency CL
245 ## - TITLE STATEMENT
Title Sex education
260 ## - PUBLICATION, DISTRIBUTION, ETC.
Place of publication, distribution, etc. India, New Delhi
Name of publisher, distributor, etc. APH Publisher
Date of publication, distribution, etc. 2001
300 ## - PHYSICAL DESCRIPTION
Extent VI,298p.
365 ## - TRADE PRICE
Price amount 700
Currency code INR
650 ## - SUBJECT ADDED ENTRY--TOPICAL TERM
Source of heading or term EDUCATION
700 ## - ADDED ENTRY--PERSONAL NAME
Personal name Rao, R.K.
Relator term Editor
9 (RLIN) 821131
942 ## - ADDED ENTRY ELEMENTS (KOHA)
Source of classification or shelving scheme Colon Classification (CC)
Koha item type Textbook
Suppress in OPAC No
Holdings
Withdrawn status Lost status Source of classification or shelving scheme Damaged status Not for loan Home library Current library Date acquired Source of acquisition Cost, normal purchase price Inventory number Total Checkouts Barcode Date last seen Price effective from Koha item type
    Colon Classification (CC)     Central Library Central Library 2025-09-11 Bhatiya Sahitya Bhavan 700.00 219& 2001-09-14   CL1210233 2025-09-11 2025-09-11 Textbook
Copyright @ Delhi University Library System